BIBLIOTHÈQUE DE LA MAISON DU MEXIQUE

Logo 1 Logo 2

Emiliano Zapata (notice nᵒ 5956)

détails MARC
000 -Sello discográfico
campo de control de longitud fija 00941nam a2200301 4500
005 - Identificación de versión
campo de control 20251017062838.0
010 ## - Número Estándar Internacional de Libros (ISBN)
Número (ISBN) 978-607-16-0725-6
099 ## - fechas locales
Tipo de ítem Koha LIBRO
100 ## - Datos de procesamiento general
Datos de procesamiento general 20211102d20122011m y1spay5003 ba
105 ## - Campo de datos codificados: Material textual, monográfico
Datos codificados de monografía y 001zb
200 1# - Título y mención de responsabilidad
Título propio Emiliano Zapata
Designación general del material texto impreso
Primer mención de responsabilidad Octavio Paz Solórzano
Declaración de responsabilidad subsiguiente prólogo Octavio Paz
205 ## - Declaración de edición
Declaración de edición 1a ed
210 ## - Publicación, distribución, etc.
Lugar de publicación, distribución, etc. México
Nombre del editor, distribuidor, etc. Fondo de Cultura Económica
Fecha de publicación, distribución, etc. 2012
215 ## - Descripción física
Designación de material específico y extensión del ítem 231 p
Dimensiones 17 cm
300 ## - Notas generales
Texto de la nota Incluye referencias bibliográficas
345 ## - Nota de información de adquisición
Fuente de adquisición/dirección de la suscripción [OBSOLETO] Donación
410 #1 - Series
Título Colección Popular
Número de volumen 705
600 ## - Nombre personal usado como materia
Elemento de entrada Zapata Salazar
Parte del nombre distinta del elemento de entrada Emiliano
Fechas 1879-1919
Número Koha 2696
660 ## - Código de área geográfica
Código MX
700 ## - Nombre personal - Responsabilidad primaria
Elemento de entrada Paz Solórzano
Parte del nombre distinta del elemento de entrada Octavio Ireneo
Fechas 1883-1935
Número Koha 11439
702 ## - Nombre personal - Responsabilidad secundaria
Elemento de entrada Paz Lozano
Parte del nombre distinta del elemento de entrada Octavio Irineo
Fechas 1914-1998
Número Koha 536
801 #0 - Fuente de origen
País FR
Agencia cm
Reglas de catalogación (convenciones descriptivas) AFNOR
900 ## -
-- 1/21530
900 ## -
-- 7100417642\080104
942 ## - ELEMENTOS DE ENTRADA SECUNDARIOS (KOHA)
Tipo de ítem Koha Livre
996 ## -
-- MEX
-- 751145101
-- MMAG
-- 005447
-- 082.97 C882 V.705
-- 20211102LIV
Exemplaires
Estatus retirado Estado de daño Estado de pérdida Fecha de adquisición Biblioteca de origen Biblioteca actual Ubicación en estantería Código de barras Precio de reemplazo Signatura topográfica completa No para préstamo Tipo de ítem Koha Nota pública Nota no pública
      05/08/2025 Casa México Paris Casa México Paris   005447 05/08/2025 082.97 C882 V.705   Livre 20211102LIV 751145101